| 000 | 02264nam0a2200361 4500 | ||
|---|---|---|---|
| 001 | RU\NLR\bibl\959760 | ||
| 005 | 20250614203824.0 | ||
| 010 |
_a5-8265-0447-1 _9100 |
||
| 021 |
_aRU _b2006-22931 _91141 |
||
| 035 | _a(NLR Aleph) 000947801 | ||
| 090 |
_a260508 _c260508 |
||
| 100 | _a20060616d2005 |||y0rusy50 ca | ||
| 101 | 0 | _arus | |
| 102 | _aRU | ||
| 105 | _aa ||||||||| | ||
| 200 | 1 |
_aПроектирование агропромышленных комплексов _eучебное пособие к курсовой работе по дисциплине "Проектирование сельскохозяйственных зданий" для студентов специальности 270102 дневной и заочной форм обучения и по дисциплине "Конструкции и оборудование сельскохозяйственных зданий" специальности 270301 _fО.Б. Демин, Т.Ф. Ельчищева _gМ-во образования и науки Рос. Федерации, Гос. образоват. учреждение высш. проф. образования "Тамб. гос. техн. ун-т" |
|
| 210 |
_aТамбов _cИзд-во ТГТУ _d2005 |
||
| 215 |
_a128 с. _cил. _d21 |
||
| 320 | _aБиблиогр.: с. 119-120 (31 назв.) | ||
| 606 | 1 |
_aСельскохозяйственные животные _jУчебные издания для высших учебных заведений _xУход и содержание на животноводческих комплексах _92440439 _3RU\NLR\auth\661451875 |
|
| 606 | 1 |
_aСельскохозяйственные здания и сооружения _jУчебные издания для высших учебных заведений _xПроектирование _91811807 _3RU\NLR\auth\66817392 |
|
| 686 | _aП546.2я73 | ||
| 686 | _aП085я73 | ||
| 686 | _aН75-022я73-1 | ||
| 700 | 1 |
_aДемин _bО. Б. _gОлег Борисович _4070 |
|
| 701 | 1 |
_aЕльчищева _bТ. Ф. _gТатьяна Федоровна _4070 |
|
| 801 | 0 |
_aRU _bNLR _c20060616 _grcr |
|
| 801 | 1 |
_aRU _bNLR _c20060616 |
|
| 942 | _cBOOK | ||
| 980 | _aNB | ||
| 980 | _aNBR | ||